000 01597cab a2200229 4500
001 ABS53494
008 090401t1995 xxu||||| |||| 00| 0 eng d
035 _a(Sirsi) u4689
041 _aeng
245 _aBarclays Bank plc and others v Eustice and others
260 _c1995
350 _a0
490 _aWeekly Law Reports
_v1995 1 WLR 1238-1253(16)
520 _aCA 6 July 1995. In 1992, plaintiff bank (X) lend defendants A and B a sum of money with separate overdraft faciity with charge on land owned by A. A and B also occupied land as tenants. The overdraft facility was increasedd converting 20 year loan to 12 month overdraft facility with agricultural charges on all agricultural assets. In March 1994, the Inland Revenuee distrained goods on far in lieu of Income Tax and National Insurance payments. A and B assigned the tenancy to C and D for a £1 sellingg agricultural assets distrained by the Inland Revenue without informing X. X called in loans and appointed receivers. A and B`s solicitor informedd X of assignment. A and b informed their solicitors about the agreement to sell agricultural assets. X sought declaration that under s423 of the Insolvency Act 1986 that the transactions were void and unenforcable and disclosure orders of all documents between defendants and their solicitors. On appeal, declared prima facie case that preconditio
650 _aDISCOVERY
650 _aINSOLVENCY ACT 1986 S423
650 _aLEGAL PROFESSIONAO PROVILEGE
650 _aNULL AND VOID
690 _aPROPERTY LAW AND PRACTICE-CASE LAW
942 _n0
948 _c04/03/1997
999 _c2843
_d2843